| 000 | 00674nam a2200229 i 4500 | ||
|---|---|---|---|
| 003 | DO-SdBNP | ||
| 005 | 20250624093958.0 | ||
| 007 | ta | ||
| 008 | 250624b2025 dr ||||| |||| 00| 0 spa d | ||
| 040 |
_aDO-SdBNP _bspa _cBNPHU _erda |
||
| 082 |
_axxx _bH126 _222 |
||
| 100 | 1 |
_aHaddad, Miguel _eautor _4aut. _987434 |
|
| 245 | 1 | 3 |
_aLa casona del tejar / _cMiguel Haddad |
| 264 | 1 |
_a[Santo Domingo] : _b[editor no identificado], _c[2025]. |
|
| 300 |
_a186 páginas ; _c21 cm. |
||
| 336 |
_atexto _btxt _2rdacontent |
||
| 337 |
_asin mediación _bn _2rdamedia |
||
| 338 |
_avolumen _bnc _2rdacarrier |
||
| 590 | _aInventariado, 2025/ YL | ||
| 910 | _aYLockward | ||
| 942 |
_2ddc _cLBS1 |
||
| 999 |
_c58722 _d58722 |
||